000 00914nam a2200289Ia 4500
001 Z_5478
003 CHAP
008 220113s2007 xx 000 0 und d
010 _a168563
040 _cCHAP
090 _aTesis R 1986
100 _aReal Herrera, Jacobo
_9142864
245 _aEstudio del mercado de la carne de bovino en nuevo Morelos, municipio de Jesús Carranza, Estado de Veracruz /
_cpor Jacobo Real Herrera y Salvador Rodríguez Vargas
260 _aChapingo, Méx. :
_bEl autor,
_c2007
300 _a111 h
502 _aTesis (Ing. Agr. Esp. en Zootecnia) -- UACH. Departamento de Zootecnia
650 _aCarne de res
_xMercadeo
_919210
650 _aCarne
_xMercadeo
_919090
650 _aGanado vacuno
_xVeracruz
_9137570
700 _aRodríguez Vargas, Salvador
_998948
901 _aTESIS R 1986
902 _aM
910 _a2007
942 _c2
942 _c2
999 _c168563
_d168563